Fr. Conceicao Rodrigues College of Engineering

Systems Modelling and computer simulation (Record no. 29722)

MARC details
000 -LEADER
fixed length control field 00310nam a2200145Ia 4500
100 ## - MAIN ENTRY--PERSONAL NAME
Personal name Naim/A.Kheir
250 ## - EDITION STATEMENT
Edition statement 3
245 ## - TITLE STATEMENT
Title Systems Modelling and computer simulation
260 ## - PUBLICATION, DISTRIBUTION, ETC.
Name of publisher, distributor, etc. Marcel Dekker
Date of publication, distribution, etc. 1995
366 ## - TRADE AVAILABILITY INFORMATION
Publishers's discount category 25
300 ## - PHYSICAL DESCRIPTION
Extent 729
546 ## - LANGUAGE NOTE
Language note ENGLISH
-- electronics
942 ## - ADDED ENTRY ELEMENTS (KOHA)
Koha item type BOOK
Holdings
Withdrawn status Lost status Damaged status Not for loan Collection Home library Current library Date acquired Total Checkouts Full call number Barcode Date last seen Price effective from Koha item type
        CRC Fr. Agnel's C.Rodrigues College of Engineering Fr. Agnel's C.Rodrigues College of Engineering 17/03/2023   22080 17/03/2023   BOOK